Fluid Mechanics & its applications (Record no. 8176)

MARC details
000 -LEADER
fixed length control field 00306nam a2200121Ia 4500
008 - FIXED-LENGTH DATA ELEMENTS--GENERAL INFORMATION
fixed length control field 191201s2019 xx 000 0 und d
100 ## - MAIN ENTRY--PERSONAL NAME
Personal name GUPTA, Santosh K& Gupta Vijay
245 #0 - TITLE STATEMENT
Title Fluid Mechanics & its applications
250 ## - EDITION STATEMENT
Edition statement 3rd rep
260 ## - PUBLICATION, DISTRIBUTION, ETC. (IMPRINT)
Name of publisher, distributor, etc New age
Place of publication, distribution, etc NEW DELHI
300 ## - PHYSICAL DESCRIPTION
Extent 503
942 ## - ADDED ENTRY ELEMENTS (KOHA)
Source of classification or shelving scheme Dewey Decimal Classification
Koha item type Text Books
Holdings
Withdrawn status Lost status Source of classification or shelving scheme Damaged status Not for loan Collection code Home library Current library Date acquired Source of acquisition Cost, normal purchase price Bill Number Total Checkouts Full call number Acc. no. / Barcode Date last seen Actual Cost, discounted price Bill Date Koha item type
    Dewey Decimal Classification     Diploma in Mechanical PIET C-LIBRARY PIET C-LIBRARY 15/05/2019 KIRTI PRAKASHAN, NEW DELHI 350.00 IN3878   620.1 GUF DE1327 04/12/2019 245.00 15/05/2019 Text Books
    Dewey Decimal Classification     Diploma in Mechanical PIET C-LIBRARY PIET C-LIBRARY 15/05/2019 KIRTI PRAKASHAN, NEW DELHI 350.00 IN3878   620.1 GUF DE1328 04/12/2019 245.00 15/05/2019 Text Books
    Dewey Decimal Classification     Diploma in Mechanical PIET C-LIBRARY PIET C-LIBRARY 15/05/2019 KIRTI PRAKASHAN, NEW DELHI 350.00 IN3878   620.1 GUF DE1329 04/12/2019 245.00 15/05/2019 Text Books
    Dewey Decimal Classification     Diploma in Mechanical PIET C-LIBRARY PIET C-LIBRARY 15/05/2019 KIRTI PRAKASHAN, NEW DELHI 350.00 IN3878   620.1 GUF DE1330 04/12/2019 245.00 15/05/2019 Text Books

Design & Developed by: PIET Central Library
R70 Miles Stone Pattikalyana Samalkha Panipat 132102
mail ID :- [email protected], Phone No:- 0180-2569700 Ex.216